000 00602nam a2200229 i 4500
001 C2-0081459
003 PPAK
005 20180727084500.0
008 970429s1979 enk |||| ||||| | eng d
020 _a0002167166
040 _aPPAK
_beng
_cPPAK
_erda
082 0 4 _a923.273
_223
090 0 0 _a923.273
_bMOR
_dG
100 1 _aMorris, Edmund,
_eauthor
245 1 4 _aThe rise of Theodore Rosevelt
264 1 _aLondon :
_bHarper Collins ,
_c1979
300 _a886 pages ;
_c23 cm
336 _2rdacontent
_atext
337 _2rdamedia
_aunmediated
338 _2rdacarrier
_avolume
942 _ddc
_cB
999 _c14668
_d14668